Central Library OPAC University of Rajshahi

Nitrogen-Its in Polymer Matrix and Release Behavior in Soil / (Record no. 83564)

MARC details
000 -LEADER
fixed length control field 01067nam a2200265 a 4500
001 - CONTROL NUMBER
RUCL Control Number 83564
003 - CONTROL NUMBER IDENTIFIER
rucl marc code BD-RjUL
005 - DATE AND TIME OF LATEST TRANSACTION
control field 20240423110808.0
008 - FIXED-LENGTH DATA ELEMENTS--GENERAL INFORMATION
fixed length control field 240423s2008 bg a|||| m||| 00| 0 eng d
035 ## - SYSTEM CONTROL NUMBER
system control number (BD-RjUL)83564
040 ## - CATALOGING SOURCE
Original cataloging agency BD-RjUL
Language of cataloging eng
Transcribing agency BD-RjUL
Modifying agency BD-RjUL
041 ## - LANGUAGE CODE
Language code of Book eng
082 ## - DEWEY DECIMAL CLASSIFICATION NUMBER
DDC Edition number 23
Classification number 547.7
Author mark and Year RAN 2008
100 ## - MAIN ENTRY--PERSONAL NAME
Personal name Rahman, Md. Hafizur
245 10 - TITLE STATEMENT
Title Nitrogen-Its in Polymer Matrix and Release Behavior in Soil /
Statement of responsibility, etc By Md. Hafizur Rahman ;
Name of Supervisor/Co-Supervisor Supervisor : Basudev Kumar Das, M. A. Jaili Miah, Hasan Ahmad,
260 ## - PUBLICATION, DISTRIBUTION, ETC. (IMPRINT)
Place of publication, distribution, etc Rajshahi :
Name of publisher, distributor, etc Organic Research Laboratory Department of Chemistry, University of Rajshahi,
Date of publication, distribution, etc 2008
300 ## - PHYSICAL DESCRIPTION
Pagination x, 216 Leaves :
Other physical details ill, ;
Dimensions 29 cm.
502 ## - DISSERTATION NOTE
Dissertation note Thesis (Ph. D.) -- Organic Research Laboratory DDepartment of Chemistry, University of Rajshahi, 2008
504 ## - BIBLIOGRAPHY, ETC. NOTE
Bibliography, etc References : Leaves 201-00
650 ## - SUBJECT ADDED ENTRY--TOPICAL TERM
Topical term or geographic name as entry element Organic Chemistry
Form subdivision Compunds
9 (RLIN) 12668
700 ## - ADDED ENTRY--SUPERVISOR/CO-SUPERVISOR NAME
Personal name Das, Basudev Kumar, Supervisor
9 (RLIN) 12673
Personal name Miah, M. A. Jaili, Supervisor
9 (RLIN) 12674
Personal name Ahmad, Hasan, Supervisor
9 (RLIN) 12675
942 ## - ADDED ENTRY ELEMENTS (KOHA)
Source of classification or shelving scheme Dewey Decimal Classification
Koha item type Theses
Holdings
Source of classification or shelving scheme Damaged status Not for loan Collection code Permanent Location Current Location Shelving location Date of accession Source of acquisition Total Checkouts Full call number Barcode Date last seen Copy number Thesis
Dewey Decimal Classification   Not For Loan Theses Central Library, University of Rajshahi Central Library, University of Rajshahi Documentation Section 12/08/2009 Controller of Exam. R. U.   THE 547.7 RAN 2008 D2982 23/04/2024 C-I Theses